000 00273nam a2200109Ia 4500
008 200302s9999 xx 000 0 und d
100 _aB. C. Punmia & Others
245 _aSurveying Vol II 12 ed.
260 _bLaxmi publications (P) Ltd.
260 _c1994
300 _a602 P.,
999 _c1385
_d1385